České maliarstvo a sochárstvo 20. storočia Zo zbierok Galérie výtvarného umenia v Olomouci

Bibliographic Details
Main Author: Beranová, Věra (Author)
Format: Article
Language:Slovak
PhysicalDescription:Obr. 9.
Subjects:

MARC

LEADER 00000nab a2200000 a 4500
001 vtls000015793
003 SK-MaSNL
005 20260304072513.0
008 250423c1978 xo 0 slo
015 |a SNBRB19rr/mm-uuuuu 
035 |a CL0025887 
035 |a urn:nbn:sk:snk-abfu 
035 |a (urnnbn)urn:nbn:sk:snk:ar-005kzj 
035 |a (uuid)ac90d18c-431a-4556-b295-b0599d50dc2c 
040 |a SNKBUCL  |b slo  |c SNKBUCL  |e AACR2 
041 0 |a slo 
044 |a xo  |c SK 
080 |a 75  |2 1981 
080 |a 730  |2 1981 
100 1 |a Beranová, Věra  |4 aut  |9 450253 
245 1 0 |a České maliarstvo a sochárstvo 20. storočia  |b Zo zbierok Galérie výtvarného umenia v Olomouci  |c Věra Beranová 
300 |b Obr. 9. 
650 0 7 |a české maliarstvo  |2 snkbucl  |9 3112 
650 0 7 |a české sochárstvo  |2 snkbucl  |9 3045 
650 0 7 |a Galéria výtvarného umenia, Olomouc  |2 snkbucl  |9 1360263 
650 0 7 |a umelecké výstavy  |2 snkbucl  |9 89689 
655 7 |a články z novín a časopisov  |2 snkbucl  |9 267496 
773 0 |t Výtvarný život  |g Roč. 23, č. 8-9 (1978), s. 78-81 
850 |a Slovenská národná knižnica 
852 |a Slovenská národná knižnica 
954 |a odborná, vedecká literatúra pôvodná (slovenská)  |2 lita 
957 |a 3805 
957 |a 5301 
957 |a 5303 
958 |a article27 
958 |a RK 
958 |a OND 
958 |a EUIPO 
992 |a RBX 
999 |c 2766813  |d 2768743